000 00262nam a2200097Ia 4500
082 _aAF DEVI
245 0 _aElsie se vuurproef
100 _a DE VILLIERS, Herna Pretoria, 2003 1ste druk
_966426
942 _cBK
008 210817s9999 xx 000 0 und d
999 _c213106
_d213105